Normal view MARC view

Entry Personal Name

Number of records used in: 1

001 - CONTROL NUMBER

  • control field: 62517

003 - CONTROL NUMBER IDENTIFIER

  • control field:

005 - DATE AND TIME OF LATEST TRANSACTION

  • control field: 20250114164340.0

008 - FIXED-LENGTH DATA ELEMENTS

  • fixed length control field: 250114|| aca||aabn | a|a d

040 ## - CATALOGING SOURCE

  • Original cataloging agency:
  • Transcribing agency:

100 ## - HEADING--PERSONAL NAME

  • Personal name: SENGHOR, Leopold Sedar
  • Dates associated with a name: 1906-2001

670 ## - SOURCE DATA FOUND

  • Source citation: Work cat.: ()21968: SENGHOR, Leopold Sedar 1906-2001 aut, Leopold Sedar Senghor :, 1962

National Library of Nigeria OPAC is powered by Koha